<?xml version="1.0" encoding="UTF-8"?>
<collection xmlns="http://www.loc.gov/MARC21/slim">
<record>
  <controlfield tag="001">169883</controlfield>
  <controlfield tag="005">20260304131020.0</controlfield>
  <datafield tag="037" ind1=" " ind2=" ">
    <subfield code="a">TAZ-TFG-2025-2021</subfield>
  </datafield>
  <datafield tag="041" ind1=" " ind2=" ">
    <subfield code="a">spa</subfield>
  </datafield>
  <datafield tag="100" ind1="1" ind2=" ">
    <subfield code="a">Aisa Borobio, Juan</subfield>
  </datafield>
  <datafield tag="242" ind1="0" ind2="0">
    <subfield code="a">Private health insurance in Spain; a comparison of environmental certifications for the major insurers.</subfield>
  </datafield>
  <datafield tag="245" ind1="0" ind2="0">
    <subfield code="a">Los seguros de salud privados en España; comparativa de certificaciones ambientales para las principales aseguradoras.</subfield>
  </datafield>
  <datafield tag="260" ind1=" " ind2=" ">
    <subfield code="a">Zaragoza</subfield>
    <subfield code="b">Universidad de Zaragoza</subfield>
    <subfield code="c">2025</subfield>
  </datafield>
  <datafield tag="506" ind1=" " ind2=" ">
    <subfield code="a">by-nc-sa</subfield>
    <subfield code="b">Creative Commons</subfield>
    <subfield code="c">3.0</subfield>
    <subfield code="u">http://creativecommons.org/licenses/by-nc-sa/3.0/</subfield>
  </datafield>
  <datafield tag="520" ind1=" " ind2=" ">
    <subfield code="a">El presente trabajo, en una primera parte, hace un resumen de los distinitos tipos de seguros de salud en el mundo y se compara con los seguros de salud en España. Para continuar, trata sobre la situación actual de los seguros de salud en España, tipos de seguros, marco normativo, evolución a lo largo de los años y compara el gasto sanitario con el de otros paises. Se trata también los últimos acontecimientos sobre la situación de MUFACE y el futuro de los seguros de salud. A través de una encuesta, se estudian las principales causas que influyen en la contratación de un seguro de salud.&lt;br />Por otra parte, se realiza una comprativa de las principales aseguradoras de salud en el país, en cuanto a número de asegurados, primas en salud, cuota de mercado, para evaluar la situación de cada una y que posición ocupan en el mercado. &lt;br />Como parte principal, se realiza un estudio de las diferentes aseguradoras en cuanto a certificaciones ambientales y criterios ASG, que toman cada una de las aseguradoras para disminuir el impacto medioambiental. Finalmente se realiza una recomendación a DKVSeguros de cara a mejorar su posición verde e intentar asi, seguir siendo un referente en cuanto a sostenibilidad.&lt;br />&lt;br /></subfield>
  </datafield>
  <datafield tag="521" ind1=" " ind2=" ">
    <subfield code="a">Graduado en Administración y Dirección de Empresas</subfield>
  </datafield>
  <datafield tag="540" ind1=" " ind2=" ">
    <subfield code="a">Derechos regulados por licencia Creative Commons</subfield>
  </datafield>
  <datafield tag="856" ind1="0" ind2=" ">
    <subfield code="f">801183@unizar.es</subfield>
  </datafield>
  <datafield tag="856" ind1="4" ind2=" ">
    <subfield code="s">1349807</subfield>
    <subfield code="u">http://zaguan.unizar.es/record/169883/files/TAZ-TFG-2025-2021.pdf</subfield>
    <subfield code="y">Memoria (spa)</subfield>
  </datafield>
  <datafield tag="909" ind1="C" ind2="O">
    <subfield code="o">oai:zaguan.unizar.es:169883</subfield>
    <subfield code="p">driver</subfield>
    <subfield code="p">trabajos-fin-grado</subfield>
  </datafield>
  <datafield tag="950" ind1=" " ind2=" ">
    <subfield code="a"></subfield>
  </datafield>
  <datafield tag="691" ind1=" " ind2=" ">
    <subfield code="a">0</subfield>
  </datafield>
  <datafield tag="692" ind1=" " ind2=" ">
    <subfield code="a"></subfield>
  </datafield>
  <datafield tag="700" ind1=" " ind2=" ">
    <subfield code="a">García Casarejos, Nieves </subfield>
    <subfield code="e">dir.</subfield>
  </datafield>
  <datafield tag="700" ind1=" " ind2=" ">
    <subfield code="a">García Bernal, Javier</subfield>
    <subfield code="e">dir.</subfield>
  </datafield>
  <datafield tag="710" ind1="2" ind2=" ">
    <subfield code="a">Universidad de Zaragoza</subfield>
    <subfield code="b">Dirección y Organización de Empresas</subfield>
    <subfield code="c"></subfield>
  </datafield>
  <datafield tag="980" ind1=" " ind2=" ">
    <subfield code="a">TAZ</subfield>
    <subfield code="b">TFG</subfield>
    <subfield code="c">ECON</subfield>
  </datafield>
  <datafield tag="999" ind1=" " ind2=" ">
    <subfield code="a">20250603110706.CREATION_DATE</subfield>
  </datafield>
  <datafield tag="951" ind1=" " ind2=" ">
    <subfield code="a">deposita:2026-03-04</subfield>
  </datafield>
</record>
</collection>